000 00456nam a2200181Ia 4500
001 16233
005 20260306170254.0
008 260306t2010||||xx |||||||||||||| ||und||
041 _aESP
082 _a347.51
_bC36
100 _aGuerra Cerrón, J. María Elena
_eAUT
245 2 _aA los 12 años de la ley general de sociedades
260 _c2010
300 _a675 páginas :
_c24 cm.
650 _aGEN
654 _aCDE
942 _cLIB
_dJUS
_fJUS
_2ddc
_n
999 _c16233
_d16233